000 00367nam a22001337a 4500
020 _a9698384014
082 _a340.54
_bHAS
100 _aHassan,Dr.Hussain Hamid
245 _aAn introduction to the study of Islamic law/
_bDr.Hussain Hamid Hassan
260 _aIslamabad:
_bLeaf publications,
_c1997.
300 _a496p. :
563 _aHB
942 _2ddc
_cBK
999 _c614584
_d614584